000 01191nam0a22002651 4500
001 rc\4261297
005 20250611143931.0
035 _a(NLR Aleph) 008237856
090 _a8258333
_c8258333
100 _a20130416d1963 |||y0rusy50 ca
101 0 _arus
102 _aRU
105 _ay j |||||
200 1 _aКритика современной буржуазной философии и социологии
_eЛекции...
_fВоен.-полит. ордена Ленина краснознам. акад. им. В.И. Ленина. [Кафедра диалект. и ист. материализма]
210 _aМосква
_cБ. и.
_d1963
215 _a119 с.
_d20
300 _aПеред загл. авт.: канд. филос. наук подполк. А.В. Бешенцев, канд. филос. наук подполк. Н.Д. Табунов
333 _aПродаже не подлежит
700 1 _aБешенцев
_bА.В.
_gАлександр Васильевич
701 1 _aТабунов
_bН.Д.
_gНиколай Дмитриевич
801 0 _aRU
_bNLR
_gpsbo
801 1 _aRU
_bELAR
_2rusmarc
852 _aNLR
_j64-3/1535
942 _cBOOK
980 _aNB